PERSONAJES - Estadísticas

Estadísticas generales
  • Esta prueba ha sido intentada 104 veces
  • La puntuación promedio es 12 de 16
Estadísticas de respuestas
Imagen Respuesta % Correcto
luigi
100%
Deadpool
97%
Sonic
97%
Yoda
93%
PacMan
90%
Darth Vader
89%
Yoshi
89%
Naruto
84%
Slenderman
82%
Kirby
80%
Creeper
78%
Link
68%
Bandida
53%
Lara Croft
52%
Alex
44%
BaBa
10%
No se encontraron pruebas coincidentes
Distribución de puntuación
Porcentaje de gente con cada puntuación
Porcentaje por número respondido
Historial de tus puntuaciones
No has intentado esta prueba.